| 000 | 01093cam a22002174a 4500 | ||
|---|---|---|---|
| 005 | 20250605164052.0 | ||
| 008 | 250528s ||||||||||||||||||||||||d | ||
| 035 | _a17312 | ||
| 020 | _a471531464 | ||
| 040 |
_aGR-AtMCL _bgre _dGR-AtMCL _eAACR2 |
||
| 245 | 1 | _aInternational Travel and Tourism / Second Edition | |
| 250 | _a2nd | ||
| 260 |
_bJohn Wiley & Sons, Ltd, _c1993 |
||
| 300 | _a472 | ||
| 520 | _aIntroduction, Marketers and Facilitators and Suppliers, Travel facilitators and Destination Marketers, International Ground and Sea Travel, International Air Travel, Hotels and International Travel, Travel Destinations by Regions, Canada and Alaska, Latin America, The Caribbean, Western Europe, Eastern and Central Europe, Russia and Turkey and the Middle East, Africa, South and Southeast Asia, East Asia, Hawai and Oceania, Travel Safety, Security and Health Concerns, Appendix, Foreign Tourist Information Offices in the United States, Index. | ||
| 700 | 1 |
_aLundberg Carolyn _93473 |
|
| 700 | 1 |
_aLundberg Donald E _93474 |
|
| 942 | _cBK | ||
| 999 |
_c2740 _d2740 |
||